000 00934nam a2200265Ia 4500
003 OSt
005 20221005112358.0
006 a|||||r|||| 00| 0
007 ta
008 221004b |||||||| |||| 00| 0 pan d
020 _a9382804897 (hbk)
_cINR 150.00
024 _a38654
037 _b1021, 06/03/2018, H.K. Prakashan
_cTextual
040 _aCRL
_cCRL
_bpan
041 _2pan
_apan
082 _aO153,3N521,MD, Q8
100 _aਅਟਵਾਲ, ਹਰਜੀਤ, ਂਚ.
245 0 _aਮੰੁਦਰੀ ਡੌਟ ਕੌਮ
260 _aਸਮਾਣਾ
_bਸੰਗਮ ਪਬਲੀਕੇFਨਗ਼ ਭਾਰਤ
_c2018
300 _a135ਪ0
_ccm.
650 _a ਪੰਜਾਬੀ ਕਹਾਣੀ
650 _aਪੰਜਾਬੀ ਸਾਹਿਤ
942 _hO153,3N521,MD, Q8
_cTEXL
_2cc
999 _c1024707
_d1024707